02003cas a2200445 a 4500003000400000005001700004008004100021016002500062022001400087037006600101040001900167082001900186111007700205245012600282246005100408246004100459246006300500260004200563300002500605310001100630362001000641490005800651490007500709530002400784650002100808650001900829651004800848651004600896651004900942651004700991651002601038651002501064651005701089651005201146651005801198651004801256655004501304710001601349776019201365INP20260622095809.0980203c19959999dcuar i1 0eng  a(AMICUS)000017668223 a1020-6140 bThe World Bank, 1818 H Street, N.W., Washington, DC 20433 USA aEG-INPcEG-INP04221a338.9ba n2 aWorld Bank Conference on Development in Latin America and the Caribbean.10aAnnual World Bank Conference on Development in Latin America and the Caribbean :bproceedings of a conference held in ...30aDevelopment in Latin America and the Caribbean13aWorld Bank Latin America proceedings13aWorld Bank Latin America and Caribbean studies proceedings aWashington, DC :bWorld Bank,cc1997- av. :bill. ;c28 cm. aAnnual0 a1995-1 a1995: World Bank Latin American and Caribbean studies1 a1996- : World Bank Latin American and Caribbean studies. Proceedings aAlso issued online. 0aEconomic policy. 0aSocial policy. 0aLatin AmericaxEconomic policyvCongresses. 0aLatin AmericaxSocial policyvCongresses. 0aCaribbean AreaxEconomic policyvCongresses. 0aCaribbean AreaxSocial policyvCongresses. 7aCaribbean Area.2fast 7aLatin America.2fast 4aAmérica LatinaxPolítica económicavCongresos. 4aAmérica LatinaxPolítica socialxCongresos. 4aCaribe (Región)xPolítica económicaxCongresos. 4aAmerica LatinaxPolitica socialxCongresos. 7aConference papers and proceedings.2fast2 aWorld Bank.08iOnline version:aWorld Bank Conference on Development in Latin America and the Caribbean.tAnnual World Bank Conference on Development in Latin America and the Caribbeanw(OCoLC)646207442